El Caldero electoral ya está hirviendo /

Guardado en:
Bibliografiske detaljer
Hovedforfatter: Sarsanedas, Jorge
Format: Texto
Fag:
Tags: Tilføj Tag
Ingen Tags, Vær først til at tagge denne postø!

MARC

LEADER 00000 a a2200000 04500
001 7065
003
040
100 |a Sarsanedas, Jorge  
245 |a El Caldero electoral ya está hirviendo /  |c Jorge Sarsanedas 
650 |a ELECCIONES  
650 |a PARTIDOS POLITICOS  
650 |a ENCUESTAS  
650 |a ORGANIZACIONES POPULARES  
773 |g volumen 13, número 145; páginas 28-31  
999 |c 22537  |d 22537